000 00663nam a22002177a 4500
003 UA-OsUOA
001 96585
007 ta
008 20130320b un ||||| |||| 00| 0 ukr d
090 _a821.161.1
_bЛ 87
942 _cBK
040 _aUA-OsUOA
_brus
_cUA-OsUOA
_dUA-OsUOA
245 _aЛучезарный феникс
_bзарубежные писатели о книге, чтении, библиофильстве
_cРыбкин Р.
300 _a224 с.
955 _a3
041 _arus
080 _a821.161.1
260 _aМ.
_bКнига
_c1979
650 7 _a82 Література. Літературознавство
_2UDC
999 _c382833
_d382833